Caste and educational inequalities in India (Record no. 510260)

000 -LEADER
fixed length control field 00462nam a2200157 4500
008 - FIXED-LENGTH DATA ELEMENTS--GENERAL INFORMATION
fixed length control field 190808b ||||| |||| 00| 0 eng d
100 ## - MAIN ENTRY--PERSONAL NAME
Personal name Kumar, Avinash
245 ## - TITLE STATEMENT
Title Caste and educational inequalities in India
260 ## - PUBLICATION, DISTRIBUTION, ETC. (IMPRINT)
Date of publication, distribution, etc 2019
300 ## - PHYSICAL DESCRIPTION
Extent p.89-107.
650 ## - SUBJECT ADDED ENTRY--TOPICAL TERM
Topical term or geographic name as entry element Education - India
9 (RLIN) 7949
700 ## - ADDED ENTRY--PERSONAL NAME
Personal name Hashmi, Nazia Iqbal
9 (RLIN) 7950
773 ## - HOST ITEM ENTRY
Main entry heading IASSI Quarterly: Contributions to Indian Social Science
906 ## - LOCAL DATA ELEMENT F, LDF (RLIN)
Subject DIP Caste - India
942 ## - ADDED ENTRY ELEMENTS (KOHA)
Source of classification or shelving scheme
Item type Articles
Holdings
Withdrawn status Lost status Source of classification or shelving scheme Damaged status Not for loan Permanent location Current location Date acquired Serial Enumeration / chronology Barcode Date last seen Koha item type
          Indian Institute of Public Administration Indian Institute of Public Administration 2019-08-08 38(1), Jan-Mar, 2019: p.89-107. AR120211 2019-08-08 Articles

Powered by Koha